000 00987naa a22002657a 4500
001 BR7503898
003 BR-BrBNA
005 20240918173757.0
007 ta
008 230509b bl.||||| |||| 00| 0 por d
040 _aBR-BrBNA
_bpor
_cBiblioteca Nacional de Agricultura
041 _a(Pt)
072 _aE14; F01
_b3575
_bG514
090 _aE14 BR7503898
100 1 _aRocha, F.F.
245 1 _aSub-programa de apoio governamental a implantacao do plano nacional de sementes [producao vegetal]
260 3 _aPelotas, RS (Brasil):
_c1975.
500 _aCurso para tecnicos responsaveis por lavouras de producao de sementes. v. 1 Pelotas, RS (Brasil): 1975. p. 1-6 (BR7503898-AM)E14
650 _aSEMENTE
650 _aPRODUCAO VEGETAL
650 _aPROJETO AGRICOLA
773 0 _tCurso para tecnicos responsaveis por lavouras de producao de sementes. v. 1
_wE14 BR7503898
_gPelotas, RS (Brasil), 1975. p. 1-6
909 _a202404
_bLucia
_c55
_dLucia Elande
942 _cAM
_2AGRIS
999 _c306823
_d306823